000 00766nam a2200253Ia 4500
003 OSt
005 20220923215458.0
006 a|||||r|||| 00| 0
007 ta
008 220922b |||||||| |||| 00| 0 hin d
024 _a179,146
037 _cTextual
040 _aARTS
_cARTS
_bhin
041 _2hin
_ahin
082 _aO152,1M95x, K3
100 _aहितैषी
245 0 _aदर्शना
246 _aDarshanā
260 _aकानपुर
_b श्रीविन्धेश्वरी प्रसाद मिश्र
_c1963
300 _a101 पृ.
_ccm.
650 _aहिन्दी साहित्य
_9156264
942 _hO152,1M95x, K3
_cTEXL
_2CC
999 _c332527
_d332527